| 000 | 02057nab a22002657a 4500 | ||
|---|---|---|---|
| 999 |
_c5344 _d5344 |
||
| 003 | OSt | ||
| 005 | 20250223234437.0 | ||
| 008 | 190603e xxum|||| |||| 00| 0 spa d | ||
| 040 | _cPJ | ||
| 100 |
_96387 _aLeiva, Claudio Fabricio |
||
| 245 | 1 | 3 |
_aEl deber de seguridad en el contrato de transporte y las eximentes de responsabilidad : _bel aporte de la perspectiva del derecho del consumo / _cClaudio Fabricio Leiva. |
| 260 |
_cCiudad Autónoma de Buenos Aires : _aThomson Reuters La Ley, _b2023. |
||
| 300 | _ap. 175-184 | ||
| 500 | _aCita Online: TR LALEY AR/DOC/2044/2023. | ||
| 505 | _a Sumario: I. Objetivos del presente comentario.— II. La plataforma fáctica y jurídica del caso.— III. Los argumentos de la sentencia de Cámara.— IV. El impacto del microsistema de protección del consumidor: un revitalizado diálogo de fuentes en la convergencia de las normas especiales, el Cód. Civ. y Com. y la Constitución Nacional.— V. Una delimitación de la noción de deber de seguridad y su aplicación en el ámbito del derecho del consumo.— VI. La obligación de seguridad en el contrato de transporte en el régimen del Cód. Civil ya derogado y en el esquema del Cód. Civ. y Com.— VII. A modo de cierre conclusivo: el deber de seguridad en las relaciones de consumo, el principio protectorio y la interpretación restrictiva de las eximentes reforzada a través del diálogo de fuentes de las normas aplicables al caso. | ||
| 505 | _tFallo comentado: CNCiv., sala A ~ 05/05/2023 ~ Brea, Gustavo c. Metrovías SA s/ daños y perjuicios. | ||
| 505 | _t¿Te interesa el texto completo? Solicitalo al correo: koha@justierradelfuego.gov.ar | ||
| 650 | 0 |
_91467 _aRESPONSABILIDAD CIVIL |
|
| 650 | 0 |
_92823 _aDAÑOS Y PERJUICIOS |
|
| 650 | 0 |
_92597 _aDEFENSA DEL CONSUMIDOR |
|
| 650 | 0 |
_94277 _aACCIDENTE FERROVIARIO |
|
| 650 | 0 |
_91497 _aCODIGO CIVIL Y COMERCIAL |
|
| 773 | 0 |
_02713 _93170 _dCiudad Autónoma de Buenos Aires : Thomson Reuters La Ley, 2015- _tRevista Código Civil y Comercial. Nº 6 - Diciembre 2023 |
|
| 942 |
_2udc _cANA |
||